| 000 | 00924cab a2200253 4500 | ||
|---|---|---|---|
| 001 | WB3025-05 | ||
| 008 | 090401t1994 xxu||||| |||| 00| 0 eng d | ||
| 035 | _a(Sirsi) u26760 | ||
| 041 | _aeng | ||
| 245 | _aICES calls for new consultant | ||
| 260 | _c1994 | ||
| 350 | _a0 | ||
| 490 |
_aContract Journal _v374(5980) 23 June 1994, 5(1) |
||
| 520 | _aThe Institution of Civil Engineering Surveyors recommends, in a submission to the Latham committee, a new professional, a Brief and Procurement consultant, to provide independent advice on a project brief and the appropriate procurement method. | ||
| 650 | _aBRIEF AND PROCUREMENT CONSULTANT | ||
| 650 | _aCONSTRUCTION PROCUREMENT | ||
| 650 | _aCONSULTANTS | ||
| 650 | _aICES | ||
| 650 | _aINSTITUTION OF CHEMICAL ENGINEERS GREEN BOOK | ||
| 650 | _aLATHAM REFORMS | ||
| 690 | _aBUILT ENVIRONMENT-BUILDING CONTRACT FORMS | ||
| 942 | _n0 | ||
| 948 | _c04/03/1997 | ||
| 999 |
_c18014 _d18014 |
||